Placements de l'Angleterre aux Championnats d'Europe - Statistiques

Statistiques générales
  • Ce quiz a été pris 5 fois
    3 depuis la dernière actualisation
  • Le résultat moyen est 3 sur 11
Statistiques - réponses
Hint Réponse % Correct
1996 Demi-finale
100%
2024 Deuxième place
100%
2020 Deuxième place
50%
1980 Phase de groupes
50%
1988 Phase de groupes
0%
1992 Phase de groupes
0%
2000 Phase de groupes
0%
2004 Quarts de finale
0%
2012 Quarts de finale
0%
2016 Quarts de finale
0%
1968 Troisième place
0%
Aucun quiz correspondant
Distribution des résultats
% des personnes avec chaque résultat
Percentile par nombre de réponses
Votre historique - résultats
Vous n’avez pas pris ce quiz depuis la dernière actualisation